Problems - Mother Mother - Statistics

General Stats
  • This quiz has been taken 52 times
  • The average score is 199 of 270
Answer Stats
Answer % Correct
a
100%
I
100%
You
100%
you
100%
are
97%
problems
97%
and
93%
do
93%
Doo-doo-doo
93%
go
93%
got
93%
in
93%
the
93%
When
93%
am
90%
get
90%
I'll
90%
I'm
90%
me,
90%
me
90%
not
90%
Not
90%
we
90%
face
86%
gates
86%
I've
86%
my
86%
on
86%
pearly
86%
saint
86%
same
86%
sinner,
86%
You'll
86%
disgrace
83%
green
83%
light
83%
loser,
83%
loser'
83%
old
83%
place
83%
to
83%
we're
83%
You're
83%
door
79%
be
76%
for
76%
at
72%
At
72%
ones
72%
dinner
69%
little
69%
lot,
69%
lot
69%
love
69%
that
69%
beauty,
66%
come
66%
strange
66%
up
66%
cage
62%
escape
62%
found
62%
great
62%
less
62%
locked
62%
say
62%
Some
62%
branded,
59%
gonna
59%
luminary,
59%
stage
59%
strangest
59%
than
59%
Tied
59%
Yeah!
59%
Yeah,
59%
yeah,
59%
yeah
59%
Yeah
59%
consider
55%
just
55%
of
55%
It's
52%
Ooh-ooh-ooh-ooh-ooh
52%
Ooh-ooh-ooh-ooh-ooh-ooh-ooh-ooh-ooh
52%
something
52%
Something
52%
gotta
48%
people
48%
all
45%
loose
45%
out
41%
painfully
41%
seem
41%
Let
38%
They
38%
those
38%
ball
34%
chains
34%
find
34%
forget
34%
That's
34%
baseball
31%
craziest
31%
dames
31%
pent
31%
with
31%
Hahahaha
28%
myself
28%
can't
24%
game
24%
Doo-doo-doo
21%
stranger's
21%
but
17%
debase
14%
save
14%
Woo
3%
Ooh-ooh-ooh-ooh-ooh
0%
No matching quizzes found
Score Distribution
Percent of People with Each Score
Percentile by Number Answered
Your Score History
You have not taken this quiz